000 00457nam a22001817a 4500
005 20260602152238.0
008 260602b |||||||| |||| 00| 0 eng d
020 _a9788123903040
_c250.00
040 _aMAIN
041 _aEnglish
082 _bIRO
_a531
100 _aIrodov, I.E.
_926989
245 _aFundamental Laws of Mechanics
260 _aNew Delhi
_bCBS Publishers
_c2004
300 _a271
650 _aPhysics (PM USHA)
_926699
942 _cBK
999 _c60962
_d60962